[Event "Troy (TCC/2/7)"]
[Site "?"]
[Date "1995.??.??"]
[Round "?"]
[White "Jendras, Gerard"]
[Black "Mankiewicz, Ryan"]
[Result "0-1"]
[WhiteElo "1945"]
[BlackElo "2000"]
[PlyCount "68"]
[EventDate "1995.??.??"]

{2/(7)} 1. e4 e6 2. d4 d5 3. Nc3 Nf6 4. Bg5 Be7 5. e5 Nfd7 6. h4 c5 7. Bxe7
Qxe7 8. Nb5 O-O 9. Nc7 Nxe5 10. Nxa8 cxd4 11. a3 Nbc6 12. Nf3 Nxf3+ 13. Qxf3
Qd6 14. Nb6 axb6 15. O-O-O e5 16. Qb3 Qc5 17. Qb5 f5 18. b4 Qxb5 19. Bxb5 f4
20. Rhe1 Rf5 21. f3 Be6 22. Bxc6 bxc6 23. Rxd4 Kf7 24. Rdd1 Ke7 25. c3 Kd6 26.
Kc2 Rf7 27. a4 Bc8 28. Rg1 c5 29. c4 d4 30. b5 Bf5+ 31. Kd2 e4 32. g4 e3+ 33.
Kc1 Be6 34. g5 Ra7 0-1

[Event "East Lansing (Class A/3/3)"]
[Site "?"]
[Date "1995.??.??"]
[Round "?"]
[White "Jendras, Gerard"]
[Black "Gipson, John"]
[Result "0-1"]
[WhiteElo "1930"]
[BlackElo "1885"]
[PlyCount "102"]
[EventDate "1995.??.??"]

{3/(3)} 1. e4 e6 2. d4 d5 3. Nc3 Nf6 4. Bg5 Be7 5. e5 Nfd7 6. h4 a6 7. Bd3 h6
8. Qh5 Nf8 9. O-O-O g6 10. Bxe7 Qxe7 11. Qg4 h5 12. Qf4 Nc6 13. Nf3 Nh7 14. Rh3
Bd7 15. Ne2 Nb4 16. Kb1 Nxd3 17. Rxd3 Bb5 18. Rd2 O-O-O 19. Nc1 Rdg8 20. Ng5
Nxg5 21. hxg5 Bf1 22. Qg3 Qb4 23. Nb3 Bc4 24. a3 Qb5 25. Qf4 Rf8 26. Nc5 b6 27.
Nd3 a5 28. Nc1 a4 29. Ka1 Bf1 30. f3 Qd7 31. Na2 Qe7 32. Rh1 Bb5 33. Qe3 h4 34.
f4 Kb7 35. Rdd1 Rc8 36. Rh3 c5 37. c3 Bc4 38. Rdh1 cxd4 39. Qxd4 Bxa2 40. Kxa2
Rc4 41. Qd2 Qc5 42. Rxh4 Rc8 43. Rh7 Rc7 44. Rd1 Qb5 45. g3 d4 46. Qg2+ Ka6 47.
Qa8+ Ra7 48. Qf8 Qb3+ 49. Ka1 dxc3 50. Rb1 cxb2+ 51. Rxb2 Rc1+ 0-1

[Event "Grand Rapids (MI Am/3/4)"]
[Site "?"]
[Date "1995.??.??"]
[Round "?"]
[White "Jendras, Gerard"]
[Black "Foote, Greg"]
[Result "1-0"]
[WhiteElo "1895"]
[BlackElo "1725"]
[PlyCount "35"]
[EventDate "1995.??.??"]

{3/(4)} 1. e4 c5 2. Nf3 e6 3. d4 cxd4 4. Nxd4 Nc6 5. Be3 a6 6. Be2 Qc7 7. O-O
Nf6 8. Nd2 Be7 9. Kh1 b5 10. f4 Bb7 11. Bf3 Rc8 12. e5 Nd5 13. Bxd5 exd5 14.
Nf5 g6 15. Nd6+ Bxd6 16. exd6 Qxd6 17. Ne4 Qe7 18. Bc5 1-0

[Event "Grand Rapids (MI Am/5/1)"]
[Site "?"]
[Date "1995.??.??"]
[Round "?"]
[White "Jendras, Gerard"]
[Black "Conlon, Russell"]
[Result "1-0"]
[WhiteElo "1895"]
[BlackElo "1865"]
[PlyCount "63"]
[EventDate "1995.??.??"]

{5/(1)} 1. e4 d6 2. d4 Nf6 3. Nc3 c6 4. f4 Qa5 5. Bd2 e5 6. b4 Qb6 7. d5 Qxb4
8. Rb1 Qa5 9. Nf3 Qc7 10. Bc4 Be7 11. O-O O-O 12. Kh1 Nbd7 13. dxc6 bxc6 14.
Qe1 Nb6 15. Bd3 Re8 16. fxe5 dxe5 17. Bg5 Be6 18. Nh4 Nh5 19. Be3 Nc4 20. Nf5
Nxe3 21. Qxe3 Nf4 22. Qg3 Bf8 23. Rf3 Kh8 24. Rbf1 Bxf5 25. exf5 Nxd3 26. Rxd3
Rad8 27. f6 Rxd3 28. cxd3 Re6 29. Ne4 gxf6 30. Rxf6 Rxf6 31. Nxf6 Qe7 32. Qg8#
1-0

[Event "Jackson (Prison m)"]
[Site "?"]
[Date "1995.??.??"]
[Round "?"]
[White "Jendras, Gerard"]
[Black "Brooks"]
[Result "1-0"]
[WhiteElo "1930"]
[BlackElo "1605"]
[PlyCount "95"]
[EventDate "1995.??.??"]

1. e4 d6 2. d4 c6 3. c4 h6 4. Nc3 e6 5. Be3 g6 6. f4 Bg7 7. Nf3 Nf6 8. Qd2 Na6
9. Be2 Qb6 10. d5 Qc7 11. O-O Ng4 12. Bd4 e5 13. fxe5 dxe5 14. Bf2 Nxf2 15.
Rxf2 O-O 16. Raf1 Bd7 17. a3 Nc5 18. b4 Na6 19. c5 cxd5 20. Nxd5 Qd8 21. Bc4
Be6 22. Ne1 Nc7 23. Nc2 Nxd5 24. Bxd5 Bxd5 25. exd5 Rc8 26. Ne3 Qd7 27. Nc4 f5
28. Rc1 Rcd8 29. d6 e4 30. Qd5+ Kh7 31. Na5 Rb8 32. Rfc2 Rf6 33. Nxb7 Qxb7 34.
Qxb7 Rxb7 35. c6 Rxd6 36. cxb7 Rb6 37. Rc7 h5 38. Rd7 Kh6 39. Rc8 Be5 40. Re8
Bf4 41. g3 Be3+ 42. Kf1 Bc1 43. h4 Bb2 44. b8=Q Rxb8 45. Rxb8 g5 46. Rd6+ Kg7
47. Rb7+ Kf8 48. Rd8# 1-0

[Event "East Lansing (Class A/5/3)"]
[Site "?"]
[Date "1995.??.??"]
[Round "?"]
[White "Jendras, Gerard"]
[Black "Bauerle, Paul"]
[Result "1/2-1/2"]
[WhiteElo "1930"]
[BlackElo "1950"]
[PlyCount "51"]
[EventDate "1995.??.??"]

{5/(3)} 1. e4 e6 2. d4 d5 3. Nd2 Nf6 4. e5 Nfd7 5. Bd3 c5 6. c3 Nc6 7. Ne2 cxd4
8. cxd4 f6 9. exf6 Nxf6 10. Nf3 Bd6 11. O-O O-O 12. Bf4 Bxf4 13. Nxf4 Qd6 14.
Ne2 e5 15. dxe5 Nxe5 16. Nxe5 Qxe5 17. Qd2 Ne4 18. Bxe4 dxe4 19. Ng3 Bf5 20.
Nxf5 Qxf5 21. Rfe1 Rad8 22. Qe3 Rd3 23. Qe2 Rfd8 24. Qxe4 Qxe4 25. Rxe4 Rd2 26.
Kf1 1/2-1/2

[Event "Ann Arbor (HVA/3/5)"]
[Site "?"]
[Date "1995.??.??"]
[Round "?"]
[White "Jendras, Gerard"]
[Black "Aldrich, Justin"]
[Result "1-0"]
[WhiteElo "1930"]
[BlackElo "1605"]
[PlyCount "109"]
[EventDate "1995.??.??"]

{3/(5)} 1. e4 e5 2. Nf3 d6 3. d4 exd4 4. Qxd4 Nc6 5. Bb5 Bd7 6. Bxc6 Bxc6 7.
Bg5 f6 8. Be3 Ne7 9. c4 Ng6 10. Nc3 Bd7 11. O-O-O Bg4 12. h3 Bh5 13. g4 Ne5 14.
Nxe5 fxe5 15. Qd5 Bf7 16. Qxb7 Be7 17. Qc6+ Kf8 18. f4 exf4 19. Bxf4 Bg5 20.
Rhf1 Rb8 21. Kc2 Rb6 22. Bxg5 Qxg5 23. Qa8+ Ke7 24. Qxh8 Qe5 25. Rf5 Qh2+ 26.
Rd2 Rxb2+ 27. Kxb2 Qxd2+ 28. Kb3 Qd3 29. Rxf7+ Kxf7 30. Qxh7 Qd4 31. Qf5+ Ke7
32. Nd5+ Ke8 33. Nxc7+ Ke7 34. Qf8+ Kd7 35. Qd8+ Kc6 36. Nd5 Qd3+ 37. Nc3 Kb7
38. h4 Qg3 39. Qg5 Kc6 40. h5 Qf2 41. Qf5 Qe3 42. Qd5+ Kc7 43. Qd4 Qg3 44.
Qxa7+ Kc6 45. Qxg7 Qf2 46. Qg5 Qf8 47. h6 Qc8 48. h7 d5 49. Qxd5+ Kb6 50. Qg8
Qb7 51. h8=Q Ka5+ 52. Kc2 Qb6 53. Qe5+ Kb4 54. Qf8+ Qc5 55. Qfxc5# 1-0

[Event "Detroit (CMS Jun/3/4/3)"]
[Site "?"]
[Date "1995.??.??"]
[Round "?"]
[White "Jaynes, K."]
[Black "Powell, Antione"]
[Result "1-0"]
[WhiteElo "1605"]
[BlackElo "1605"]
[PlyCount "81"]
[EventDate "1995.??.??"]

{3/4} 1. d4 d5 2. e3 Nc6 3. Nc3 Nf6 4. Bd3 Nb4 5. a3 Nxd3+ 6. Qxd3 g6 7. Nge2
Bf5 8. Qb5+ c6 9. Qxb7 Bxc2 10. Qxc6+ Nd7 11. Nxd5 Rc8 12. Qb7 e6 13. Ndc3 Rc7
14. Qa6 Bd6 15. Nb5 Bd3 16. Nxc7+ Bxc7 17. Qxd3 O-O 18. O-O Bb8 19. Bd2 Qc7 20.
g3 Nb6 21. Rac1 Qd6 22. Bb4 Qd8 23. Bxf8 Qxf8 24. Rc2 Nd7 25. Rfc1 Kg7 26. Qb5
Nf6 27. Rc8 Qe7 28. Qxb8 Ng4 29. R1c7 Qf6 30. Nf4 Qg5 31. Nxe6+ Kh6 32. Nxg5
Kxg5 33. Rxf7 Nh6 34. f4+ Kg4 35. Rxh7 Nf5 36. h3+ Kxg3 37. Rg8 Nh4 38. Rxh4
Kxh4 39. Rxg6 Kh5 40. Rg7 Kh6 41. Qh8# 1-0

[Event "Detroit (CMS Jun/2/4/5)"]
[Site "?"]
[Date "1995.??.??"]
[Round "?"]
[White "Jaynes, K."]
[Black "Hooker, Larry"]
[Result "1-0"]
[WhiteElo "1605"]
[BlackElo "1605"]
[PlyCount "93"]
[EventDate "1995.??.??"]

{2/4} 1. d4 d5 2. e3 e6 3. Nc3 Bb4 4. Bd2 Nf6 5. Bd3 O-O 6. Nf3 Ng4 7. O-O Bd7
8. h3 Nf6 9. a3 Bd6 10. Qe2 Bc6 11. e4 Qe7 12. e5 Bxe5 13. dxe5 Nh5 14. Ng5 h6
15. Qxh5 Nd7 16. Nh7 Rfd8 17. Bxh6 gxh6 18. Qxh6 Nc5 19. g4 Nxd3 20. cxd3 Bb5
21. Qg5+ Qxg5 22. Nxg5 Bxd3 23. Rfe1 Re8 24. Kg2 d4 25. Nce4 Rad8 26. Nf6+ Kg7
27. Nxe8+ Rxe8 28. f4 c5 29. h4 Kg6 30. h5+ Kh6 31. Nxf7+ Kg7 32. Nd6 Rb8 33.
Rh1 c4 34. h6+ Kh7 35. Rac1 Rg8 36. g5 Rf8 37. Kg3 Bf5 38. Rxc4 d3 39. Rc7+ Kh8
40. Nf7+ Kh7 41. Nd6+ Kh8 42. h7 d2 43. Nxf5 Rxf5 44. Rc8+ Kg7 45. h8=Q+ Kg6
46. Rh6+ Kf7 47. Qh7# 1-0

[Event "East Lansing (Class DE/1/9)"]
[Site "?"]
[Date "1995.??.??"]
[Round "?"]
[White "Jaskot, Allan"]
[Black "Roberts, Andy"]
[Result "1-0"]
[WhiteElo "1605"]
[BlackElo "1605"]
[PlyCount "119"]
[EventDate "1995.??.??"]

{1/(9)} 1. d4 d5 2. Nf3 Bf5 3. Nc3 Nc6 4. e3 a6 5. Bd3 Bxd3 6. cxd3 e6 7. e4
Nge7 8. e5 h6 9. g4 Qd7 10. Be3 f6 11. Qb3 Qc8 12. Rg1 fxe5 13. dxe5 Ng6 14. d4
Nge7 15. Rg3 Na5 16. Qa4+ Nec6 17. a3 Qd7 18. b4 Nc4 19. Nh4 O-O-O 20. Ng6 Rg8
21. b5 axb5 22. Qxb5 Kb8 23. Nxf8 Rgxf8 24. a4 Na7 25. Qxd7 Rxd7 26. f4 Nc6 27.
Kf2 Rdf7 28. Ne2 g5 29. Bc1 gxf4 30. Rf3 Ne3 31. h3 Ne7 32. Ba3 Nc2 33. Bxe7
Nxa1 34. Bxf8 Rxf8 35. Rxf4 Rh8 36. Rf6 h5 37. Rxe6 hxg4 38. hxg4 Rh2+ 39. Kf3
c6 40. g5 Rh8 41. Rh6 Rg8 42. g6 b5 43. axb5 cxb5 44. Nf4 b4 45. Nxd5 b3 46.
Nc3 b2 47. Rh1 Kc7 48. Rb1 Kd7 49. Rxb2 Ke7 50. Rb7+ Kf8 51. d5 Nc2 52. Ke4 Rh8
53. Rb8+ Kg7 54. Rxh8 Kxh8 55. e6 Nb4 56. e7 Nxd5 57. Nxd5 Kg8 58. e8=Q+ Kg7
59. Qf7+ Kh8 60. Qh7# 1-0

[Event "East Lansing (Class DE/3/9)"]
[Site "?"]
[Date "1995.??.??"]
[Round "?"]
[White "Jaskot, Allan"]
[Black "McMahan, M."]
[Result "0-1"]
[WhiteElo "1605"]
[BlackElo "1605"]
[PlyCount "30"]
[EventDate "1995.??.??"]

{3/(9)} 1. e4 e5 2. Nf3 Nc6 3. Bc4 Bc5 4. O-O Nf6 5. Nc3 d6 6. d3 h6 7. b3 Bg4
8. h3 Bh5 9. Bb5 O-O 10. Bxc6 bxc6 11. g4 Nxg4 12. hxg4 Bxg4 13. Ne2 Bxf3 14.
Qd2 Qh4 15. Ng3 Qh3 0-1

[Event "East Lansing (MI Op/1a/17)"]
[Site "?"]
[Date "1995.??.??"]
[Round "?"]
[White "Jarosz, Stan"]
[Black "Smalec, John"]
[Result "1-0"]
[WhiteElo "2020"]
[BlackElo "1760"]
[PlyCount "75"]
[EventDate "1995.??.??"]

1. d4 Nf6 2. Nf3 g6 3. Bf4 Bg7 4. h3 c5 5. e3 Nc6 6. c3 cxd4 7. exd4 d5 8. Be2
O-O 9. O-O a6 10. Nbd2 b5 11. a3 Bf5 12. Ne5 Nxe5 13. Bxe5 Bh6 14. Bxf6 exf6
15. Bf3 Re8 16. Re1 Qd7 17. Rxe8+ Rxe8 18. Nb3 Bf8 19. Nc5 Bxc5 20. dxc5 Be4
21. Bxe4 Rxe4 22. Qd2 Qc6 23. b4 Qe6 24. Rd1 Qe5 25. g3 f5 26. Qxd5 Qxc3 27.
Qd3 Qb2 28. Rb1 Qe5 29. Rc1 Qb2 30. Qc3 Qe2 31. Qc2 Qf3 32. Qd1 Re2 33. Qd8+
Kg7 34. Qd4+ Kg8 35. c6 Re4 36. Qd8+ Kg7 37. c7 Re2 38. Qd4+ 1-0

[Event "Troy (US Am N/1/7)"]
[Site "?"]
[Date "1995.??.??"]
[Round "?"]
[White "Jarosz, Stan"]
[Black "Quander, K."]
[Result "1-0"]
[WhiteElo "2015"]
[BlackElo "1605"]
[PlyCount "67"]
[EventDate "1995.??.??"]

{1/(7)} 1. d4 d5 2. Nf3 Nf6 3. Bf4 e6 4. e3 c5 5. c3 b6 6. Nbd2 Ba6 7. Bxa6
Nxa6 8. Qa4+ Nd7 9. Qxa6 Be7 10. Ne5 Nxe5 11. Bxe5 f6 12. Qa4+ Kf7 13. Bg3 h5
14. h3 g5 15. Nf3 c4 16. Qc2 h4 17. Bh2 b5 18. e4 a5 19. exd5 Qxd5 20. O-O g4
21. hxg4 h3 22. Rfe1 hxg2 23. Qe4 Qd7 24. g5 Rag8 25. gxf6 Bxf6 26. Ne5+ Bxe5
27. Qxe5 Qe7 28. Re4 b4 29. Rf4+ Ke8 30. Qb8+ Kd7 31. Qb7+ Ke8 32. Qc8+ Qd8 33.
Qxe6+ Qe7 34. Qc8+ 1-0

[Event "East Lansing (MI Op/4/17)"]
[Site "?"]
[Date "1995.??.??"]
[Round "?"]
[White "Jarosz, Stan"]
[Black "Morris, Jewell"]
[Result "1/2-1/2"]
[WhiteElo "2020"]
[BlackElo "1840"]
[PlyCount "94"]
[EventDate "1995.??.??"]

{4/(17)} 1. d4 d5 2. Nf3 Nf6 3. Bf4 e6 4. e3 Bd6 5. Bg3 O-O 6. Bd3 c5 7. c3 b6
8. Qe2 Ne4 9. Nbd2 f5 10. Bxd6 Qxd6 11. Ne5 c4 12. Bc2 Nc6 13. Nxc6 Qxc6 14. f3
Nxd2 15. Qxd2 b5 16. O-O a5 17. Rfe1 Qd6 18. e4 fxe4 19. fxe4 dxe4 20. Bxe4 Ra7
21. Qg5 b4 22. Rf1 Raf7 23. Rxf7 Rxf7 24. Rf1 Rxf1+ 25. Kxf1 Qc7 26. Qc5 Qf4+
27. Bf3 Bb7 28. Qe7 Bxf3 29. Qe8+ Qf8 30. Qxf8+ Kxf8 31. gxf3 Kf7 32. Ke2 Kf6
33. f4 Kf5 34. Kf3 h6 35. a3 bxa3 36. bxa3 a4 37. h3 h5 38. Ke3 Kg6 39. Ke4 Kf6
40. Ke3 Kf5 41. Kf3 Kg6 42. Ke4 Kf6 43. h4 g6 44. Ke3 Kf5 45. Kf3 Kf6 46. Ke4
Ke7 47. Ke5 Kf7 1/2-1/2

[Event "East Lansing (MI Op/6/7)"]
[Site "?"]
[Date "1995.??.??"]
[Round "?"]
[White "Jarosz, Stan"]
[Black "Mazuchowski, Tom"]
[Result "0-1"]
[WhiteElo "2050"]
[BlackElo "2210"]
[PlyCount "70"]
[EventDate "1995.??.??"]

{6/(7)} 1. d4 Nf6 2. Nf3 g6 3. Bf4 Bg7 4. e3 d6 5. h3 O-O 6. Be2 Nbd7 7. c3 b6
8. O-O Bb7 9. Bh2 Re8 10. a4 e5 11. Na3 e4 12. Nd2 Qe7 13. a5 Nf8 14. Qb3 Ne6
15. axb6 axb6 16. Nac4 Nd7 17. Qc2 f5 18. b4 d5 19. Na3 c6 20. Qb2 b5 21. Nb3
Bh6 22. Na5 Nf6 23. Be5 Rf8 24. Nc2 f4 25. Bxf6 Rxf6 26. Bg4 Raf8 27. Bxe6+
Qxe6 28. exf4 Bc8 29. Ne3 Rxf4 30. Qe2 Qf6 31. Ng4 Bxg4 32. hxg4 Qh4 33. Nxc6
Rxg4 34. f3 Bf4 35. Rfd1 Qh2+ 0-1

[Event "Troy (US Am N/5/1)"]
[Site "?"]
[Date "1995.??.??"]
[Round "?"]
[White "Jarosz, Stan"]
[Black "Eagle, Chris"]
[Result "1/2-1/2"]
[WhiteElo "2015"]
[BlackElo "2130"]
[PlyCount "133"]
[EventDate "1995.??.??"]

{5/(1)} 1. d4 Nf6 2. Nf3 g6 3. Bf4 c5 4. e3 Qb6 5. Qc1 Bg7 6. c3 Nc6 7. h3 d6
8. Nbd2 Bf5 9. Nc4 Qd8 10. dxc5 dxc5 11. Qd1 O-O 12. Be2 b5 13. Qxd8 Rfxd8 14.
Nce5 Nxe5 15. Bxe5 b4 16. cxb4 cxb4 17. O-O Rac8 18. Rac1 Be6 19. a3 a5 20. Bc7
Rd5 21. Ba6 Rf8 22. Bc4 bxa3 23. bxa3 Rh5 24. Bxe6 fxe6 25. Nd4 Nd5 26. Nxe6
Nxc7 27. Nxg7 Kxg7 28. Rxc7 Kf7 29. Rb1 Rd8 30. a4 Re5 31. Ra7 Rdd5 32. g3 Re4
33. Rbb7 Rde5 34. f4 Re6 35. Rxa5 Rxe3 36. Re5 R6xe5 37. fxe5 Rxg3+ 38. Kh2 Ra3
39. Ra7 Ke6 40. a5 Re3 41. a6 Rxe5 42. Ra8 Ra5 43. Kg3 Ra4 44. h4 Kf5 45. Rf8+
Ke5 46. Ra8 Kf6 47. a7 Ke6 48. Kf3 Kd7 49. Kg3 Kc6 50. Rh8 Rxa7 51. Rxh7 Kd7
52. h5 Ra3+ 53. Kf4 Ra4+ 54. Ke3 gxh5 55. Rxh5 Kd6 56. Rh6+ Kd5 57. Rh5+ e5 58.
Rg5 Ra3+ 59. Kd2 Kd4 60. Rg8 Ra2+ 61. Ke1 Ke3 62. Rg3+ Kf4 63. Rh3 Rg2 64. Ra3
Rg3 65. Rxg3 Kxg3 66. Ke2 Kf4 67. Kf2 1/2-1/2

[Event "Troy (US Am N/3/6)"]
[Site "?"]
[Date "1995.??.??"]
[Round "?"]
[White "Jarosz, Stan"]
[Black "Bee, A."]
[Result "1-0"]
[WhiteElo "2015"]
[BlackElo "1870"]
[PlyCount "111"]
[EventDate "1995.??.??"]

{3/(6)} 1. d4 e6 2. Nf3 Nf6 3. c4 d5 4. Nc3 Be7 5. Bg5 Nbd7 6. e3 O-O 7. cxd5
exd5 8. Qc2 c6 9. Bd3 h6 10. Bh4 Re8 11. O-O Ne4 12. Bxe7 Qxe7 13. Rab1 Ndf6
14. b4 Nxc3 15. Qxc3 a6 16. a4 Ne4 17. Qc2 Nd6 18. b5 cxb5 19. axb5 axb5 20.
Bxb5 Nxb5 21. Rxb5 Qe4 22. Qc5 Rd8 23. Ne5 Be6 24. Rxb7 Rdc8 25. Qb4 Qc2 26.
Qb2 Ra2 27. Qxc2 Rcxc2 28. Rb8+ Rc8 29. Rxc8+ Bxc8 30. Rc1 Ra8 31. h3 Be6 32.
Rc5 h5 33. Nc6 g6 34. Ne7+ Kg7 35. Nxd5 h4 36. Nf4 Ra1+ 37. Kh2 Ra2 38. Nxe6+
fxe6 39. f3 Rd2 40. Rg5 Kf6 41. Rg4 Rd3 42. Rxh4 Rxe3 43. Re4 Rd3 44. h4 Ra3
45. Kh3 Ra2 46. g4 Ra1 47. Kg3 Rg1+ 48. Kf4 Rh1 49. g5+ Ke7 50. Kg3 Rg1+ 51.
Kf2 Ra1 52. d5 Ra2+ 53. Kg3 Ra6 54. Rxe6+ Rxe6 55. dxe6 Kxe6 56. Kf4 1-0

[Event "Troy (TCC Res/1/20)"]
[Site "?"]
[Date "1995.??.??"]
[Round "?"]
[White "Jankowski, A."]
[Black "Sunts, A."]
[Result "1-0"]
[WhiteElo "1605"]
[BlackElo "1605"]
[PlyCount "99"]
[EventDate "1995.??.??"]

{1/(20)} 1. e4 e5 2. Bc4 Be7 3. Nc3 c6 4. a3 Nf6 5. d3 O-O 6. h3 b5 7. Ba2 a5
8. Nf3 d6 9. O-O h6 10. Ne2 c5 11. Nh2 Nc6 12. c3 a4 13. f4 b4 14. axb4 cxb4
15. Bb3 Qb6+ 16. Kh1 Bb7 17. Rxa4 Rxa4 18. Bxa4 Ra8 19. b3 bxc3 20. Nxc3 Nd4
21. Be3 Qd8 22. Bxd4 exd4 23. Ne2 Qb6 24. Nf3 d5 25. e5 Nh5 26. g4 f6 27. gxh5
fxe5 28. Nxe5 Qe6 29. Rf3 Qf5 30. Qg1 Qxh5 31. Qg4 Qxg4 32. hxg4 Rc8 33. Bd7
Rc2 34. Nxd4 Rc1+ 35. Kh2 Bf6 36. Be6+ Kf8 37. Ng6+ Ke8 38. Nf5 Rc2+ 39. Kg3
Ba8 40. d4 h5 41. g5 h4+ 42. Kxh4 Bxg5+ 43. fxg5 Re2 44. Re3 Rh2+ 45. Kg3 Ra2
46. Bxd5+ Kd8 47. Bxa8 Rxa8 48. Nxg7 Ra3 49. Ne5 Kc7 50. g6 1-0

[Event "Troy (TCC Res/4/17)"]
[Site "?"]
[Date "1995.??.??"]
[Round "?"]
[White "Jankowski, A."]
[Black "Prince, S."]
[Result "0-1"]
[WhiteElo "1605"]
[BlackElo "1605"]
[PlyCount "72"]
[EventDate "1995.??.??"]

{4/(17)} 1. e4 c5 2. Bc4 d6 3. Nc3 e6 4. d3 Nc6 5. Nge2 Be7 6. Be3 Nf6 7. O-O
d5 8. exd5 exd5 9. Bb3 d4 10. Nb1 dxe3 11. fxe3 O-O 12. h3 Na5 13. Nd2 Nxb3 14.
axb3 Bd6 15. Nc4 Bc7 16. e4 b5 17. Nd2 Nh5 18. Rf3 Qg5 19. Nf1 Bxh3 20. Rxh3
Nf4 21. Nxf4 Qxf4 22. Qh5 h6 23. Qxc5 Bb6 24. Qxb6 axb6 25. Re1 Qe5 26. c3 f6
27. d4 Qe6 28. Nd2 Ra2 29. Rb1 Rfa8 30. Kf2 Ra1 31. d5 Qe5 32. g4 Rxb1 33. Nf3
Rxb2+ 34. Ke3 Qxc3+ 35. Kf4 g5+ 36. Nxg5 fxg5+ 0-1

[Event "East Lansing (MOR/2/21)"]
[Site "?"]
[Date "1995.??.??"]
[Round "?"]
[White "James, Larry"]
[Black "Smalec, Joseph"]
[Result "1-0"]
[WhiteElo "1615"]
[BlackElo "1605"]
[PlyCount "51"]
[EventDate "1995.??.??"]

{2/(21)} 1. d4 d5 2. c4 e6 3. Nc3 Nf6 4. Nf3 Nc6 5. e3 Bb4 6. Bd2 Bxc3 7. Bxc3
Bd7 8. Bd3 O-O 9. O-O h6 10. c5 a6 11. a4 b6 12. b4 Ne4 13. Bxe4 dxe4 14. Nd2
Na7 15. Nxe4 Qh4 16. Ng3 b5 17. axb5 Bxb5 18. Re1 Nc6 19. Qc2 Rae8 20. e4 e5
21. d5 Nd8 22. Bd2 Nb7 23. Ra3 Ra8 24. Nf5 Qg4 25. Rg3 Qh5 26. Nxg7 1-0

[Event "East Lansing (MOR/4/20)"]
[Site "?"]
[Date "1995.??.??"]
[Round "?"]
[White "James, Larry"]
[Black "Marson, Michael"]
[Result "1-0"]
[WhiteElo "1615"]
[BlackElo "1605"]
[PlyCount "135"]
[EventDate "1995.??.??"]

{4/(20)} 1. e4 e6 2. d4 d5 3. e5 c5 4. c3 Nc6 5. Nf3 Qb6 6. Bd3 cxd4 7. cxd4
Bb4+ 8. Nc3 Nge7 9. O-O Nxd4 10. Nxd4 Bd7 11. Nde2 Rc8 12. Be3 Qa5 13. a3 Bxc3
14. Nxc3 Nc6 15. Qg4 Kf8 16. b4 Nxe5 17. Qd4 Qc7 18. Rac1 Qb8 19. f4 Nc6 20.
Qc5+ Kg8 21. Bd2 a6 22. Kh1 Ne5 23. Qe3 Ng4 24. Qf3 h5 25. Be1 Bc6 26. Ne2 d4
27. Be4 Ne3 28. Rg1 Qa7 29. Rc5 Rd8 30. Bh4 Bxe4 31. Qxe4 Ng4 32. h3 d3 33. Rd1
d2 34. Rxd2 Qb6 35. Rxd8+ Qxd8 36. Bxd8 Nf2+ 37. Kg1 Nxe4 38. Rc7 Kh7 39. Be7
Rb8 40. Nc3 Nxc3 41. Rxc3 b5 42. Bd6 Ra8 43. Rc7 Kg6 44. g4 hxg4 45. hxg4 a5
46. Kf2 Rd8 47. Rc6 axb4 48. axb4 Ra8 49. Rb6 Ra2+ 50. Ke3 Ra3+ 51. Kd4 Ra1 52.
Kc5 Rg1 53. g5 f6 54. gxf6 gxf6 55. Kxb5 Rd1 56. Kc6 Kf5 57. Rb5+ Ke4 58. Rc5
Rh1 59. b5 e5 60. fxe5 fxe5 61. Rxe5+ Kd4 62. b6 Rc1+ 63. Rc5 Rh1 64. b7 Rh7
65. b8=Q Ke3 66. Qe8+ Kd2 67. Bf4+ Kd1 68. Rc1# 1-0

[Event "Troy (TCC Res/3/2)"]
[Site "?"]
[Date "1995.??.??"]
[Round "?"]
[White "James, Larry"]
[Black "Herron, J."]
[Result "0-1"]
[WhiteElo "1605"]
[BlackElo "1730"]
[PlyCount "118"]
[EventDate "1995.??.??"]

{3/(2)} 1. e4 g6 2. d4 Bg7 3. Nf3 d6 4. Bc4 Nf6 5. Qe2 O-O 6. O-O Nc6 7. c3 Bg4
8. h3 Bxf3 9. Qxf3 e5 10. Be3 Nd7 11. Rd1 Qe7 12. d5 Nd8 13. Bd3 f6 14. Nd2 Qf7
15. Qe2 f5 16. f3 f4 17. Bf2 Nf6 18. c4 b6 19. Rac1 a5 20. Nf1 Nh5 21. a3 Nb7
22. b4 axb4 23. axb4 Ra4 24. Qb2 Rfa8 25. Ra1 Qe8 26. c5 Rxa1 27. Rxa1 Rxa1 28.
Qxa1 dxc5 29. Qa7 Nd6 30. bxc5 bxc5 31. Qxc7 Nf7 32. Qxc5 Bf8 33. Qb6 Qc8 34.
Bb5 Kg7 35. Bc6 Ng5 36. Kh2 Nf7 37. Nd2 Nf6 38. Nc4 h5 39. Qb2 Qc7 40. Bb6 Qb8
41. Bd4 Bd6 42. Nxd6 Qxd6 43. Bc3 g5 44. Bb4 Qb8 45. Qa3 g4 46. d6 g3+ 47. Kg1
Qb6+ 48. Kf1 Qxc6 49. Qc3 Qxc3 50. Bxc3 Nd7 51. Bb4 Kf6 52. Ke2 Ke6 53. Kd3
Nxd6 54. Kc3 Nb6 55. Kd3 Nbc4 56. Ke2 Ne3 57. Bc5 Nxg2 58. Kf1 Ne3+ 59. Ke2 Kf6
0-1

[Event "East Lansing (MOR/7/9)"]
[Site "?"]
[Date "1995.??.??"]
[Round "?"]
[White "James, Larry"]
[Black "Gregory, Kevin"]
[Result "1-0"]
[WhiteElo "1615"]
[BlackElo "1730"]
[PlyCount "67"]
[EventDate "1995.??.??"]

{7/(9)} 1. e4 c5 2. Nf3 Nc6 3. d4 cxd4 4. Nxd4 Nf6 5. Nc3 d6 6. Be2 g6 7. Be3
Bg7 8. f4 Qa5 9. O-O Bd7 10. Bf3 O-O 11. g4 Nxd4 12. Bxd4 Bc6 13. g5 Ne8 14.
Bxg7 Kxg7 15. Kh1 Qb6 16. Rb1 Nc7 17. Qe1 Rh8 18. Nd5 Nxd5 19. exd5 Bb5 20. c4
Ba6 21. Qc3+ f6 22. b4 Bxc4 23. Qxc4 Rac8 24. Qe2 Rc7 25. gxf6+ exf6 26. f5
Rhc8 27. Rg1 Qd4 28. fxg6 hxg6 29. Rbd1 Qxb4 30. Rxg6+ Kxg6 31. Rg1+ Kh7 32.
Be4+ Kh6 33. Qe3+ Kh5 34. Qh3# 1-0

[Event "Troy (TCC Res/5/5)"]
[Site "?"]
[Date "1995.??.??"]
[Round "?"]
[White "James, Larry"]
[Black "Bezrutch, B."]
[Result "0-1"]
[WhiteElo "1605"]
[BlackElo "1605"]
[PlyCount "64"]
[EventDate "1995.??.??"]

{5/(5)} 1. e4 e5 2. f4 d6 3. Nf3 Nc6 4. Bc4 Be6 5. Bxe6 fxe6 6. O-O exf4 7. d4
e5 8. c3 Nf6 9. Qb3 b6 10. Ng5 Qd7 11. dxe5 dxe5 12. Bxf4 exf4 13. Rxf4 O-O-O
14. Na3 Bc5+ 15. Kh1 Be3 16. Rf5 Bxg5 17. Rxg5 Nxe4 18. Rxg7 Qe8 19. Nb5 Rd7
20. Rxd7 Qxd7 21. Re1 Re8 22. Qc2 Qf5 23. Kg1 Qxb5 24. Rxe4 Rxe4 25. Qxe4 Kb7
26. b3 Qc5+ 27. Kf1 Qxc3 28. Qxh7 Qa1+ 29. Kf2 Qxa2+ 30. Kf1 Qxb3 31. g4 Qf3+
32. Ke1 Qxg4 0-1

[Event "Troy (TCC Res/1/17)"]
[Site "?"]
[Date "1995.??.??"]
[Round "?"]
[White "James, J."]
[Black "Munsell, T."]
[Result "1-0"]
[WhiteElo "1605"]
[BlackElo "1605"]
[PlyCount "53"]
[EventDate "1995.??.??"]

{1/(17)} 1. e4 d5 2. exd5 Qxd5 3. Nc3 Qd8 4. Bc4 Nf6 5. h3 Nc6 6. d3 h6 7. Nf3
e6 8. Bf4 Bb4 9. Qd2 O-O 10. a3 Bxc3 11. Qxc3 Nh5 12. Be3 Re8 13. g4 Nf6 14. g5
Nd5 15. Bxd5 Qxd5 16. gxh6 gxh6 17. Rg1+ Kf8 18. Bc5+ Qxc5 19. Qxc5+ Re7 20.
Ne5 Nxe5 21. Qxe5 Ke8 22. O-O-O a5 23. d4 a4 24. d5 exd5 25. Qh8+ Kd7 26. Rxd5+
Ke6 27. Qe5# 1-0

[Event "Grand Rapids (MI Am/2/26)"]
[Site "?"]
[Date "1995.??.??"]
[Round "?"]
[White "Jacobs, Ron"]
[Black "Skidmore, Mike"]
[Result "0-1"]
[WhiteElo "1605"]
[BlackElo "1975"]
[PlyCount "104"]
[EventDate "1995.??.??"]

{2/(26)} 1. e4 c5 2. d4 cxd4 3. c3 dxc3 4. Nxc3 Nc6 5. Nf3 g6 6. Bc4 Bg7 7. Bd2
d6 8. O-O Nf6 9. Re1 Bg4 10. Rb1 O-O 11. a3 Rc8 12. Be2 a6 13. Qc1 Bxf3 14.
Bxf3 Ne5 15. Be2 Nxe4 16. Qd1 Nxd2 17. Qxd2 e6 18. Red1 d5 19. Rbc1 d4 20. Ne4
Nc6 21. b4 Qh4 22. Bd3 Bh6 23. Qe1 Bxc1 24. Rxc1 Ne5 25. Rxc8 Rxc8 26. Bb1 Qf4
27. Nd2 Qg5 28. f3 Nxf3+ 29. Nxf3 Qe3+ 30. Qxe3 dxe3 31. Kf1 Rc1+ 32. Ke2 Rxb1
33. Kxe3 Rb3+ 34. Ke4 Rxa3 35. Ke5 Kf8 36. Kf6 Rb3 37. Ng5 h6 38. Nxf7 Rxb4 39.
Nxh6 Rh4 40. Nf7 Rf4+ 41. Kxg6 Rxf7 42. h4 e5 43. h5 e4 44. h6 Kg8 45. g4 e3
46. g5 e2 47. Kh5 e1=Q 48. g6 Rf5+ 49. Kg4 Qe4+ 50. Kg3 Qf3+ 51. Kh2 Rh5+ 52.
Kg1 Rh1# 0-1

[Event "East Lansing (Beg/1/15)"]
[Site "?"]
[Date "1995.??.??"]
[Round "?"]
[White "Jacobs, Ron"]
[Black "Simmons, M."]
[Result "1-0"]
[WhiteElo "1605"]
[BlackElo "1605"]
[PlyCount "81"]
[EventDate "1995.??.??"]

{1/(15)} 1. e4 e6 2. d4 d5 3. e5 c5 4. c3 c4 5. Nf3 Be7 6. Be2 f6 7. Bf4 b5 8.
b3 Ba6 9. bxc4 dxc4 10. O-O fxe5 11. Bxe5 Bf6 12. a4 Nc6 13. axb5 Bxb5 14. Na3
Qd5 15. Nxb5 Qxb5 16. Rb1 Qd5 17. Qa4 Bxe5 18. Nxe5 Nge7 19. Nxc6 Nxc6 20. Bf3
Qf5 21. Bxc6+ Kf7 22. Bxa8 Rxa8 23. Rb7+ Kg8 24. Qxc4 a5 25. Re1 h6 26. g3 Rf8
27. Qxe6+ Kh7 28. Qxf5+ Rxf5 29. c4 a4 30. Ra7 Rf3 31. Rxa4 g5 32. c5 Rc3 33.
Re7+ Kg6 34. Ra6+ Kh5 35. c6 Kg4 36. c7 Kf3 37. Re3+ Rxe3 38. fxe3 Kxe3 39.
c8=Q Kxd4 40. Rd6+ Ke5 41. Qe6# 1-0